000
00408cam a2200181ua 4500
020
_c
Rs. 7.00
041
_a
mal
_h
082
_a
954.83
_b
KMP/KE
100
_a
Paniker, K. M .
245
_a
Kerala swathanthrya samaram
260
_a
Qulion :
_b
Tilak printers ,
_c
1956.
300
_a
564 ; .
365
_a
Rs. 7.00
504
_a
942
_c
BK
999
_c
627
_d
627